[Event "2016 Wellington Easter Open"]
[Site "Wellington NZL"]
[Date "2016.03.25" ]
[Round "2.1"]
[White "Dive, Russell J"]
[Black "James, Jack"]
[Result "1-0"]
[WhiteElo "2452"]
[BlackElo "2097"]
[PlyCount "0"]
[EventDate "2016.03.25"]
[SourceDate ""]

1.Nf3 d6 2.c4 Nd7 3.Nc3 c6 4.g3 e5 5.Bg2 Be7 6.O-O Ngf6 7.d4 Qc7 8.e4 O-O
9.Rb1 Re8 10.h3 Bf8 11.d5 cxd5 12.cxd5 a6 13.Be3 b5 14.Nd2 Nb6 15.Qb3 Rb8
16.Rfc1 Qb7 17.a4 Nxa4 18.Nxa4 bxa4 19.Qxa4 Bd7 20.Qa5 Rec8 21.Bf1 Rxc1
22.Rxc1 Qxb2 23.Rb1 Qxb1 24.Nxb1 Rxb1 25.Qa2 Rxf1+ 26.Kxf1 Bb5+ 27.Kg2 Nxe4
28.f4 exf4 29.Bxf4 Nf6 30.Bg5 Ne8 31.Bd8 g6 32.Qc2 Bg7 33.g4 h6 34.Qc8 Be5
35.h4 Kg7 36.g5 h5 37.Kf3 Bd4 38.Ba5 Be5 39.Ke3 Ba1 40.Qd8 Kf8 41.Qc8 Be5
42.Kd2 Ke7 43.Bd8+ Kf8 44.Bf6 Bg3 45.Qh3 Bf4+ 46.Kc2 Kg8 47.Kb3 Nxf6 48.gxf6
Bh6 49.Qc8+ Bf8 50.Kb4 Bd3 51.Ka5 Be2 52.Kb6 Bf1 53.Kc7 Bd3 54.Qe8 Bb5 55.Qe4
Bf1 56.Qe7 { (something seems wrong?) } 56...Bb5 ( 56...Bxe7 57.fxe7 Bb5
58.Kxd6 Kg7 ) 57.Kxd6 a5 58.Kc7 a4 59.d6 a3 60.d7 Bxd7 61.Qxd7 g5 62.hxg5 h4
63.Kd8 a2 64.Ke8 1-0

[Event "2016 Wellington Easter Open"]
[Site "Wellington NZL"]
[Date "2016.03.25" ]
[Round "2.2"]
[White "Goodhue, Nathan"]
[Black "Wastney, Scott"]
[Result "0-1"]
[WhiteElo "2074"]
[BlackElo "2448"]
[PlyCount "0"]
[EventDate "2016.03.25"]
[SourceDate ""]

1.Nf3 d5 2.c4 e6 3.g3 Nf6 4.Bg2 Be7 5.b3 O-O 6.Bb2 c5 7.O-O Nc6 8.cxd5 Nxd5
9.Nc3 Bf6 10.Qc1 b6 11.Nxd5 exd5 12.d4 Ba6 13.Re1 c4 14.b4 Rc8 15.Bc3 b5
16.Qd2 { (=) } 16...Re8 17.h4 Rb8 18.Ng5 Bb7 19.Rad1 h6 20.Nf3 Bc8 21.Ne5
Nxe5 22.dxe5 Bxe5 23.Bxe5 Rxe5 24.Bxd5 Qf6 25.f4 Re7 26.e4 Bg4 27.Rc1 Qb6+
28.Kg2 Rd8 29.Qf2 Qxf2+ 30.Kxf2 Kf8 31.a4 a6 32.axb5 axb5 33.Ra1 Be6 34.Bc6
Rc7 35.Bxb5 Rb8 36.Ba4 Rxb4 37.f5 Bc8 38.Bc2 Ke7 39.Reb1 Rcb7 40.Rxb4 Rxb4
41.Ke3 Rb2 42.Rc1 Ra2 43.Kd4 Ba6 44.e5 Ra3 45.Rg1 Ra2 46.Be4 Rd2+ 47.Ke3 Ra2
48.Rg2 Ra1 49.Rc2 Ra3+ 50.Kf4 Bb5 51.Bd5 c3 52.Be4 Ba4 53.Rc1 c2 54.g4 Rc3
55.g5 h5 56.g6 fxg6 57.fxg6 Ke6 58.Bf5+ Kd5 59.Be4+ Kc4 60.Bxc2 Bxc2 61.e6
Bxg6 62.Rg1 Be8 63.Rxg7 Kd5 64.Rg8 Rc8 65.Kf5 Kd6 66.Kf6 Bd7 67.Rg5 Bxe6
68.Rxh5 Rf8+ 69.Kg7 Ke7 70.Rh8 Rf4 71.Rh5 Rg4+ 72.Rg5 Rxh4 73.Rg1 Ra4 74.Rb1
Rg4+ 75.Kh6 Kf6 76.Rf1+ Bf5 77.Kh5 Rg3 78.Rf4 Rh3+ 79.Rh4 Ra3 80.Rb4 Rg3
81.Rb6+ Be6 82.Rb4 Ra3 83.Rd4 Rb3 84.Ra4 Rg3 85.Rb4 Rg8 86.Kh4 Ke5 87.Ra4 Bf5
88.Rb4 Be4 89.Kh5 Bd5 90.Rb5 Rg1 91.Ra5 Ke6 92.Rb5 Be4 93.Ra5 Bf5 94.Ra6+ Ke5
95.Ra5+ Kf4 96.Ra4+ Be4 97.Kh6 Rg6+ 98.Kh5 Rg2 99.Ra6 Bf3+ 100.Kh6 Rb2
101.Rf6+ Ke4 102.Re6+ Kf5 103.Ra6 Be4 104.Kh5 Rh2# 0-1

[Event "2016 Wellington Easter Open"]
[Site "Wellington NZL"]
[Date "2016.03.25" ]
[Round "2.3"]
[White "Ker, Anthony F"]
[Black "Nyberg, Michael"]
[Result "1-0"]
[WhiteElo "2415"]
[BlackElo "2068"]
[PlyCount "0"]
[EventDate "2016.03.25"]
[SourceDate ""]

1.e4 e6 2.d4 d5 3.e5 c5 4.c3 Bd7 5.Nf3 Qb6 6.a3 Nc6 7.b4 cxb4 8.cxb4 Nge7
9.Nc3 Nf5 10.Na4 Qc7 11.Bb2 Nxb4 12.axb4 Bxb4+ 13.Nd2 b5 14.Nc5 a5 15.Rc1 Qa7
16.Bd3 Ne7 17.O-O a4 18.Nxd7 Qxd7 19.Qe2 Rb8 20.Nb1 O-O 21.Rc2 Ng6 22.f4 f5
23.exf6 Rxf6 24.Qg4 Qd6 25.f5 exf5 26.Bxf5 Ne7 27.Bd3 Rxf1+ 28.Bxf1 a3 29.Bc1
Qa6 30.Ra2 Rf8 31.Nxa3 Qf6 32.Bxb5 h5 33.Qd1 Bc3 34.Be3 Nf5 35.Bf2 Nxd4
36.Qxh5 Qe6 37.Bd3 Nf5 38.Re2 Qh6 39.Qxh6 Nxh6 40.Nb5 Bb4 41.Nc7 Bd6 42.Ne6
Rc8 43.g3 Nf7 44.Bd4 Rc1+ 45.Kg2 Bf8 46.Rf2 Bd6 47.Bh7+ Kxh7 48.Rxf7 Kg6
49.Rd7 Bb4 50.g4 Re1 51.Rxg7+ Kh6 52.Nf4 Be7 53.g5+ Bxg5 54.Rg6+ Kh7 55.Rxg5
Re4 56.Be5 d4 57.h4 d3 58.Rh5+ Kg8 59.Nxd3 Kf7 60.Nf4 Ra4 61.Rh7+ Kg8 62.Rg7+
Kf8 63.Ng6+ Ke8 64.h5 Rg4+ 65.Kf3 Rg5 66.h6 1-0

[Event "2016 Wellington Easter Open"]
[Site "Wellington NZL"]
[Date "2016.03.25" ]
[Round "2.4"]
[White "Jackson, L Ross"]
[Black "Croad, Nicholas"]
[Result "0-1"]
[WhiteElo "2027"]
[BlackElo "2412"]
[PlyCount "0"]
[EventDate "2016.03.25"]
[SourceDate ""]

1.d4 Nf6 2.c4 e6 3.Nf3 b6 4.e3 Bb7 5.Bd3 c5 6.O-O Be7 7.Nc3 O-O 8.e4 cxd4
9.Nxd4 d6 10.Be3 Nbd7 11.f3 Rc8 12.Be2 a6 13.Rc1 Re8 14.b3 Qc7 15.Qd2 Qb8
16.Qb2 Bd8 17.Qd2 Bc7 18.Bd3 d5 19.g3 e5 20.exd5 exd4 21.Bxd4 Bd6 22.Bf5 Bc5
23.Bxc5 bxc5 24.Ne4 Rcd8 25.Qf2 Nxe4 26.fxe4 Ne5 27.Rcd1 Qd6 28.Qb2 g6 29.Bh3
Bc8 30.Bxc8 Rxc8 31.Rf4 Rc7 32.Qc3 Rce7 33.Rdf1 Nd7 34.Qf3 f6 35.h4 Qe5
36.Kg2 Qb2+ 37.Rf2 Qd4 38.Re2 Ne5 39.Qf1 Nd3 40.Rxf6 Rxe4 41.Rxe4 Qxe4+
42.Kh3 h5 43.Qf3 Qxf3 44.Rxf3 Ne5 45.Rf6 Rf8 46.Rxa6 Rf2 { Lost on time. }
0-1

[Event "2016 Wellington Easter Open"]
[Site "Wellington NZL"]
[Date "2016.03.25" ]
[Round "2.5"]
[White "Steadman, Michael V R"]
[Black "Lyall, Simon"]
[Result "1-0"]
[WhiteElo "2338"]
[BlackElo "1988"]
[PlyCount "0"]
[EventDate "2016.03.25"]
[SourceDate ""]

1.c4 e5 2.Nc3 Nc6 3.g3 f5 4.Bg2 Nf6 5.Nf3 d5 6.cxd5 Nxd5 7.Nxe5 Nxc3 8.Bxc6+
bxc6 9.dxc3 Qxd1+ 10.Kxd1 Bd6 11.Nd3 Bb7 12.Re1 c5 13.c4 O-O-O 14.Kc2 Rhe8
15.Be3 Re4 16.Kc3 Ba6 17.b3 Be7 18.Rad1 Bf6+ 19.Kc2 Bd4 20.Bxd4 Rexd4 21.Nxc5
1-0

[Event "2016 Wellington Easter Open"]
[Site "Wellington NZL"]
[Date "2016.03.25" ]
[Round "2.6"]
[White "Nicholls, Leighton"]
[Black "Thornton, Giovanni A"]
[Result "1/2-1/2"]
[WhiteElo "1985"]
[BlackElo "2235"]
[PlyCount "0"]
[EventDate "2016.03.25"]
[SourceDate ""]

1.Nf3 Nf6 2.c4 b6 3.g3 Bb7 4.Bg2 e6 5.Nc3 Be7 6.O-O O-O 7.d4 Ne4 8.Nxe4 Bxe4
9.Ne5 Bxg2 10.Kxg2 d6 11.Nf3 Nd7 12.b3 Qe8 13.Bb2 f5 14.Qc2 Qg6 15.Rae1 Nf6
16.d5 exd5 17.Nh4 Qf7 18.Nxf5 dxc4 19.Nxe7+ Qxe7 20.Qxc4+ Kh8 21.e4 1/2-1/2

[Event "2016 Wellington Easter Open"]
[Site "Wellington NZL"]
[Date "2016.03.25" ]
[Round "2.7"]
[White "Vincenti, David"]
[Black "Kulkarni, Yogesh"]
[Result "1-0"]
[WhiteElo "2179"]
[BlackElo "1854"]
[PlyCount "0"]
[EventDate "2016.03.25"]
[SourceDate ""]

1.d4 d5 2.c4 c6 3.Nc3 Bf5 4.cxd5 cxd5 5.Qb3 e6 6.Qxb7 Nd7 7.e3 Qb8 8.Qxb8+
Rxb8 9.Nf3 Bb4 10.Bd2 Bxc3 11.Bxc3 Ne7 12.Be2 h6 13.O-O O-O 14.b3 Rfc8
15.Rfc1 Nc6 16.Ba6 Rd8 17.Be1 Rb6 18.Be2 a5 19.Bb5 Rxb5 20.Rxc6 a4 21.bxa4
Rb2 22.Bc3 Rb7 23.h3 Ra8 24.a5 Bd3 25.Be1 Bb5 26.Rc3 Bc4 27.a3 Kf8 28.Rcc1
Rab8 29.Bb4+ ( 29.Nd2 Bb5 30.Rc3 Ke8 31.Rac1 Ra8 32.e4 g6 33.Rf3 f5 34.exd5
exd5 35.Re3+ ) 29...Ke8 30.Nd2 Bb5 31.Rc3 Kd8 32.Rac1 Ra8 33.e4 g6 34.Rf3 f5
35.exd5 exd5 36.Re3 Nf6 37.Re6 Ra6 38.Rxa6 Bxa6 39.Rc6 1-0

[Event "2016 Wellington Easter Open"]
[Site "Wellington NZL"]
[Date "2016.03.25" ]
[Round "2.8"]
[White "Barraza-Perez, Jesse"]
[Black "Timergazi, Layla"]
[Result "0-1"]
[WhiteElo "1925"]
[BlackElo "2152"]
[PlyCount "0"]
[EventDate "2016.03.25"]
[SourceDate ""]

1.c4 Nf6 2.Nc3 g6 3.e3 d6 4.Nf3 Bg7 5.d4 O-O 6.Be2 Nbd7 7.O-O c5 8.d5 Ne8
9.e4 Ne5 10.Bf4 Nxf3+ 11.Bxf3 f5 12.Qd2 Nf6 13.e5 dxe5 14.Bxe5 Ne4 15.Nxe4
Bxe5 16.Ng3 Qd6 17.Be2 Bf4 18.Qd3 h5 19.Rfe1 h4 20.Nf1 g5 21.g3 Be5 22.gxh4
gxh4 23.Qh3 Qf6 24.Ne3 Kh8 25.Kh1 f4 26.Ng4 Qg5 27.f3 Bd4 28.Qg2 Bf5 29.Bd1
Qg7 30.Bc2 Bxb2 31.Rab1 Bc3 32.Red1 b6 33.Bxf5 Rxf5 34.Qe2 h3 35.Qe6 Re5
36.Qh6+ Qxh6 37.Nxh6 Kg7 38.Ng4 Re2 39.Rg1 Bd4 40.Rge1 Rxa2 41.Rxe7+ Kf8
42.d6 Re8 43.Rbe1 Rxe7 44.dxe7+ Ke8 45.Nh6 Ra1 46.Rxa1 Bxa1 47.Nf5 Be5 48.Kg1
a5 0-1

[Event "2016 Wellington Easter Open"]
[Site "Wellington NZL"]
[Date "2016.03.25" ]
[Round "2.9"]
[White "Nijman, Brian"]
[Black "Cunningham, Patrick D"]
[Result "1-0"]
[WhiteElo "2141"]
[BlackElo "1744"]
[PlyCount "0"]
[EventDate "2016.03.25"]
[SourceDate ""]

1.d4 Nf6 2.Bg5 e6 3.Nc3 d5 4.a3 Be7 5.Nf3 O-O 6.e3 c5 7.Be2 Nc6 8.O-O b6 9.h3
Bb7 10.Re1 Qc7 11.Bf4 Qd7 12.Bb5 a6 13.Ne5 Qc8 14.Bd3 cxd4 15.Nxc6 Qxc6
16.exd4 Bd6 17.Qf3 Bxf4 18.Qxf4 Rfe8 19.Re3 e5 20.Rxe5 Rxe5 21.Qxe5 Re8
22.Qf4 Ne4 23.Re1 Nxc3 24.Rxe8+ Qxe8 25.bxc3 Qe1+ 26.Kh2 Qxc3 27.Qd6 Qc8
28.Qxb6 g6 29.a4 Qb8+ 30.g3 Qc8 31.a5 Kg7 32.h4 h5 33.f4 Qd7 34.Bxa6 Bc8
35.Bxc8 Qxc8 36.Qb3 Qa6 37.Qxd5 Qe2+ 38.Qg2 Qb5 39.Qd2 Qa6 40.d5 Qa7 41.d6
Qd7 42.a6 1-0

[Event "2016 Wellington Easter Open"]
[Site "Wellington NZL"]
[Date "2016.03.25" ]
[Round "2.10"]
[White "Paul, David"]
[Black "Sellen, Ian"]
[Result "0-1"]
[WhiteElo "1886"]
[BlackElo "2116"]
[PlyCount "0"]
[EventDate "2016.03.25"]
[SourceDate ""]

1.d4 d5 2.c4 e6 3.Nc3 Nf6 4.cxd5 exd5 5.Bg5 c6 6.Nf3 h6 7.Bf4 Bf5 8.a3 Bd6
9.Bxd6 Qxd6 10.e3 O-O 11.Bd3 Bxd3 12.Qxd3 Re8 13.Ne5 Nfd7 14.f4 f6 15.Qg6 Qe7
16.Ng4 Kh8 17.O-O Nf8 18.Qh5 Nbd7 19.Rae1 Qd6 20.f5 Re7 21.Rf3 Nh7 22.h4 c5
23.Ne2 cxd4 24.Nxd4 Ne5 25.Nxe5 Rxe5 26.Ne6 Qxe6 27.Qg4 Qd7 28.Rd1 Rae8
29.Kf2 Qc7 30.Rd2 Nf8 31.Qf4 Qe7 32.Qd4 Nd7 33.Rc2 Nb6 0-1

[Event "2016 Wellington Easter Open"]
[Site "Wellington NZL"]
[Date "2016.03.25" ]
[Round "2.11"]
[White "Forster, William"]
[Black "Winter, Ryan"]
[Result "1-0"]
[WhiteElo "2075"]
[BlackElo "1099"]
[PlyCount "0"]
[EventDate "2016.03.25"]
[SourceDate ""]

1.d4 Nf6 2.c4 e6 3.Nc3 d5 4.cxd5 exd5 5.Bg5 Bf5 6.Bxf6 gxf6 7.Qb3 c6 8.Qxb7
Qb6 9.Qxb6 axb6 10.e3 Bb4 11.Kd2 O-O 12.Bd3 Bg6 13.Ne2 Nd7 14.h4 h6 15.Nf4
Bxd3 16.Nxd3 c5 17.Nxb4 cxb4 18.Nxd5 b3 19.axb3 Rac8 20.Ne7+ 1-0

[Event "2016 Wellington Easter Open"]
[Site "Wellington NZL"]
[Date "2016.03.25" ]
[Round "2.12"]
[White "Roberts, Michael H"]
[Black "Theodosiou, Andreas"]
[Result "1-0"]
[WhiteElo "1843"]
[BlackElo "1489"]
[PlyCount "0"]
[EventDate "2016.03.25"]
[SourceDate ""]

1.e4 c5 2.Nf3 Nc6 3.d4 cxd4 4.Nxd4 e5 5.Nf3 Nf6 6.Bc4 Nxe4 7.Bxf7+ Kxf7
8.Qd5+ Ke8 9.Qxe4 d6 10.O-O Be7 11.Nc3 g6 12.Nd5 Bf5 13.Qe2 Kd7 14.Bh6 Re8
15.c4 e4 16.Ne1 Nd4 17.Qe3 Ne6 18.Qb3 Nc5 19.Qb5+ Ke6 20.Be3 Qd7 21.Nc2 Qxb5
22.Nd4+ Kd7 23.Nxb5 Bd8 24.Bxc5 a6 25.Nxd6 Re6 26.Nxf5 gxf5 27.Rad1 Kc6
28.Ba3 Rb8 29.Nf4 Rf6 30.Rd5 b5 31.Rfd1 Bc7 32.Nh5 Rh6 33.Ng3 Re8 34.Nxf5
Bxh2+ 35.Kf1 Bf4 36.Ne7+ Kc7 37.Rd7+ Kb8 38.Ke2 Re6 39.Nf5 e3 40.f3 Rc6
41.Bd6+ Bxd6 42.Nxd6 h5 43.Nxe8 1-0

[Event "2016 Wellington Easter Open"]
[Site "Wellington NZL"]
[Date "2016.03.25" ]
[Round "2.13"]
[White "Steadman, Mathew"]
[Black "Stracy, Don M"]
[Result "0-1"]
[WhiteElo "1368"]
[BlackElo "1742"]
[PlyCount "0"]
[EventDate "2016.03.25"]
[SourceDate ""]

1.f4 d5 2.g3 Nf6 3.Nf3 g6 4.Bg2 Bg7 5.O-O O-O 6.d3 c5 7.c3 Nc6 8.Qe1 Re8 9.e4
dxe4 10.dxe4 e5 11.Na3 exf4 12.gxf4 Nxe4 13.Qd1 Be6 14.Re1 Qxd1 15.Rxd1 Rad8
16.Be3 a6 17.Rxd8 Rxd8 18.Ne5 Bf5 19.Nxc6 bxc6 0-1

[Event "2016 Wellington Easter Open"]
[Site "Wellington NZL"]
[Date "2016.03.25" ]
[Round "2.14"]
[White "Song, Kate"]
[Black "Zhao, Aiden Tyler"]
[Result "1-0"]
[WhiteElo "1701"]
[BlackElo "1231"]
[PlyCount "0"]
[EventDate "2016.03.25"]
[SourceDate ""]

1.e4 e5 2.Nf3 Nc6 3.Bb5 a6 4.Ba4 Nf6 5.O-O Nxe4 6.d4 b5 7.Bb3 exd4 8.Re1 d5
9.Nxd4 Be6 10.Nxc6 Qd6 11.Nd4 c5 12.Nxe6 Qxe6 13.Bxd5 Qc8 14.Bxa8 Qxa8 15.Qf3
Be7 16.Qxe4 Qxe4 17.Rxe4 a5 18.Nc3 b4 19.Nd5 O-O 20.Nxe7+ Kh8 21.Bf4 h6
22.Rae1 Kh7 23.Be5 f6 24.Bd6 Rd8 25.Bxc5 Rd2 26.R4e2 Rd5 27.Nxd5 1-0

[Event "2016 Wellington Easter Open"]
[Site "Wellington NZL"]
[Date "2016.03.25" ]
[Round "2.15"]
[White "Marko, H Nigel A"]
[Black "List, Robert"]
[Result "0-1"]
[WhiteElo "1300"]
[BlackElo "1661"]
[PlyCount "0"]
[EventDate "2016.03.25"]
[SourceDate ""]

1.e4 c5 2.Nf3 Nc6 3.Nc3 e6 4.Bc4 a6 5.d4 cxd4 6.Nxd4 Nf6 7.Nxc6 bxc6 8.e5 Nd5
9.Nxd5 cxd5 10.Bd3 Bb7 11.Bd2 Qc7 12.Qe2 Bc5 13.O-O Bd4 14.c3 Bxe5 15.Rae1
Bxh2+ 16.Kh1 Bd6 17.f4 h5 18.f5 e5 19.f6 gxf6 20.Rxf6 O-O-O 21.Rxf7 Rde8
22.Bxa6 Bc5 23.Bb5 Bc6 24.Ba6+ Kb8 25.Rf5 Rhg8 26.Bb5 Ba8 27.Rxe5 Ref8 28.Rg5
Qd8 29.Rxg8 Qh4# 0-1

[Event "2016 Wellington Easter Open"]
[Site "Wellington NZL"]
[Date "2016.03.25" ]
[Round "2.16"]
[White "Burns, Guy"]
[Black "Austin, Tama"]
[Result "1-0"]
[WhiteElo "1642"]
[BlackElo "1178"]
[PlyCount "0"]
[EventDate "2016.03.25"]
[SourceDate ""]

1.d4 d5 2.c4 c6 3.a4 Nf6 4.Nc3 Bf5 5.Nf3 e6 6.c5 a5 7.e3 b6 8.cxb6 Qxb6 9.Be2
Bb4 10.O-O h6 11.Bd3 Bxd3 12.Qxd3 O-O 13.Bd2 Na6 14.Ne5 Rfc8 15.Qc2 c5
16.dxc5 Qxc5 17.Qb3 d4 18.Nd3 Qc4 19.Qxc4 Rxc4 20.Nxb4 Nxb4 21.exd4 Rxd4
22.Be3 Rc4 23.Rad1 Nbd5 24.Nxd5 Nxd5 25.b3 Rc3 26.Rb1 Nxe3 27.fxe3 Rxe3
28.Rf3 Re2 29.Rf2 Rxf2 30.Kxf2 Rb8 31.Ke3 Kf8 32.Kd4 Ke7 33.Kc4 Rb4+ 34.Kc3
e5 35.Rd1 f5 36.Rd5 Re4 37.Rxa5 Re3+ 38.Kc4 Re4+ 39.Kc3 Re3+ 40.Kc4 Re4+
41.Kd5 Kf6 42.Ra6+ Kg5 43.a5 Rb4 44.Rb6 e4 45.Rxb4 e3 46.Rb6 1-0

[Event "2016 Wellington Easter Open"]
[Site "Wellington NZL"]
[Date "2016.03.25" ]
[Round "2.20"]
[White "Renjith, Sravan"]
[Black "Phease, Tristan"]
[Result "1-0"]
[WhiteElo "1510"]
[BlackElo "987"]
[PlyCount "0"]
[EventDate "2016.03.25"]
[SourceDate ""]

1.e4 e5 2.Nf3 Nc6 3.d4 d6 4.dxe5 dxe5 5.Qxd8+ Kxd8 6.Nc3 Nf6 7.Bg5 Be7
8.O-O-O+ Ke8 9.Bxf6 Bxf6 10.Nd5 Bd8 11.Bb5 Bg4 12.Nb4 a6 13.Bxc6+ bxc6
14.Nxc6 Bxf3 15.gxf3 Bg5+ 16.Kb1 f6 17.Nb4 Kf7 18.Rd7+ Kg6 19.Rxc7 Rhd8 20.a3
Rd2 21.Rg1 Rxf2 22.h4 Rxf3 23.hxg5 fxg5 24.Nd5 h5 25.Ne7+ Kf6 26.Nd5+ Kg6
27.Rc6+ Kf7 28.Rxg5 h4 29.Rc7+ Ke6 30.Rg6+ 1-0